000 00942cab a2200265 4500
001 ABS58577
008 090401t1998 xxu||||| |||| 00| 0 eng d
035 _a(Sirsi) u85955
041 _aeng
100 _aLewison, K.
245 _aNeighbours hedge their bets on territorial issues
260 _c1998
350 _a0
490 _aProperty Week
_v62(14) 17 April 1998, 28(1)
520 _aDiscusses a Court of Appeal decision on a boundary dispute which found that the hedge and ditch presumption will be overruled if conveyances fix mutual boundaries by way of a survey map. "Alan Wibberley Building Ltd v Insley".
650 _aALAN WIBBERLEY BUILDING LTD V INSLEY
650 _aBoundary disputes
_96221
650 _aCONVEYANCING
650 _aHEDGE AND DITCH PRESUMPTION
650 _aMAPS
690 _aHIGHWAYS RIGHTS OF WAY AND EASEMENTS
690 _aPROPERTY LAW AND PRACTICE
942 _n0
948 _c30/04/1998
999 _c54075
_d54075